000 01665nam a22002417a 4500
003 DO-SdBJH
005 20250314143724.0
008 250314b |||||||| |||| 00| 0 spa d
040 _aDO-SdBJH
_bspa
_cDO-SdBJH
090 _aTG ANGM
_b02276 2023
100 1 _aTaveras Santos, Ismael
_esustentante
245 1 0 _aPropuesta para mejoras de los procedimientos del registro, control y mantenimiento de las propiedades de la intendencia del material Bélico, ARD /
_cIsmael Taveras Santos, Jesús Adrián Rodríguez Vernaza, asesores Yan Liroy Vargas Caminero, Gertrudis Perera Rodríguez
260 _aSanto Domingo Este :
_bINSUDE,
_c2023
300 _aix, 46 páginas, tabla
502 _aTrabajo de grado (Licenciado en Ciencias Navales). -- Instituto Superior para la Defensa (INSUDE). Academia Naval Marina de Guerra “Vicealmirante Cesar D’Windt Lavandier”, 2023
504 _aIncluye referencias bibliográficas e índices
505 _aContexto actual de los registros y controles de las propiedades de la intendencia del material bélico, ARD. -- Situación actual de los procedimientos de registro, control y mantenimiento de las propiedades de la intendencia del material bélico, ARD. -- Propuesta de los procedimientos de registro, control y mantenimiento de las propiedades de la intendencia del material bélico, ARD
700 1 _aRodríguez Vernaza, Jesús Adrián
_esustentante
700 1 _a Vargas Caminero, Yan Liroy
_easesor
700 1 _aPerera Rodríguez, Gertrudis
_easesor
830 _aINSUDE. Academia Naval Marina de Guerra “Vicealmirante Cesar D’Windt Lavandier”. Tesis y disertaciones académicas
942 _2CL
_cT
999 _c8096
_d8096